| 000 | 00934nam a22002295i 4500 | ||
|---|---|---|---|
| 001 | 155300 | ||
| 003 | ES-MaACL | ||
| 005 | 20250706063013.0 | ||
| 008 | 990701s1871 sp az |||| | spa d | ||
| 040 |
_aGA _bspa _cCCPB | 3D |
||
| 100 | 1 |
_aHermann _c(Geógrafo) _9127883 |
|
| 245 | 1 | 0 |
_aElementos de fisiología / _cpor el Doctor Hermann ; obra traducida al francés de la segunda edición alemana por M. Roye ; revisada y anotada por el Doctor Onimus ; traducida al castellano de la última edición francesa por J.G. Hidalgo. |
| 260 |
_aMadrid : _bMoya y Plaza, _c1871 ( _fImprenta de R. Labajos) |
||
| 300 |
_a590 p. : _bfig. ; _c22 cm. |
||
| 596 | 1 | _aMarca de ed. en port. | |
| 700 | 1 | 1 |
_aRoye, M., _etrad. _9132133 |
| 700 | 1 | 1 |
_aHidalgo, J.G., _etrad. _9127973 |
| 700 | 1 | 1 |
_aOnimus, _erev., anot. _9130659 |
| 752 |
_aEspaña - _dMadrid |
||
| 852 |
_aES-MaACL _jG-14981 _z-- Enc. hol. |
||
| 999 |
_c155300 _d155300 |
||